The Last Goal/ (Record no. 195060)

MARC details
000 -LEADER
fixed length control field 00508nam a22001817a 4500
005 - DATE AND TIME OF LATEST TRANSACTION
control field 20230213123926.0
010 ## - LCCN (DPL NO)
LC control number ENG-136171
020 ## - INTERNATIONAL STANDARD BOOK NUMBER
International Standard Book Number 9788128831621
Terms of availability 200.00
035 ## - SYSTEM CONTROL NUMBER
System control number EN-119703
037 ## - SOURCE OF ACQUISITION
Source of stock number/acquisition DBAD/PUB
082 ## - DEWEY DECIMAL CLASSIFICATION NUMBER
Classification number N
100 ## - MAIN ENTRY--PERSONAL NAME
Personal name Pathak, Surender Mohan
245 ## - TITLE STATEMENT
Title The Last Goal/
Statement of responsibility, etc Surender Mohan Pathak
260 ## - PUBLICATION, DISTRIBUTION, ETC. (IMPRINT)
Place of publication, distribution, etc New Delhi
Name of publisher, distributor, etc Diamond Pocket Books
Date of publication, distribution, etc 2011
270 ## - ADDRESS
Address X-30, Okhla Industrial Area, Phase-II
City New Delhi
Postal code 110020
300 ## - PHYSICAL DESCRIPTION
Extent 245p.
Dimensions 22cm(pbk)
942 ## - ADDED ENTRY ELEMENTS (KOHA)
Source of classification or shelving scheme Dewey Decimal Classification
Item type English Books
Classification part N
Call number suffix PAT
Holdings
Withdrawn status Lost status Not for loan Collection code Home library Current library Date acquired Source of acquisition Cost, normal purchase price Full call number Barcode Copy number Cost, replacement price Koha item type
      Fiction Central Jail Tihar Central Jail Tihar 13/02/2023 DBAD/PUB 200.00 N PAT EN-119703 1 200.00 English Books

© Delhi Public Library
Hit Counter
free hit counter